LEADER 01616nam a2200325 i 4500 001 000000077252 003 CaOOAMICUS 005 20251110142635.0 008 040116s1999 au u000 u lat u 013 $a48424 020 $a3-7001-2865-7 040 $aSeMil$bita 100 1 $aPaulinus : Nolanus .$0(OLS)http://semarc/name/747 245 10$aCarmina ; Indices et addenda /$cedidit Guilelmus de Hartel. 250 $aEditio altera, supplementis aucta. 260 $aVindobonae :$bVerlag der Österreichischen Akademie der Wissenschaften,$c1999. 300 $aXXXXII, 638 p. ;$c22 cm. 490 0 $aCorpus scriptorum ecclesiasticorum latinorum ;$vVol.30. [bis] 500 $aContiene: Indices voluminum 29. et 30 700 1 $aKamptner, Margit.$0(OLS)http://semarc/name/25968 700 1 $aHartel, Wilhelm August : von.$0(OLS)http://semarc/name/5647 773 0 $aPaulinus : Nolanus $tSancti Pontii Meropii Paulini Nolani Opera.$kCorpus scriptorum ecclesiasticorum latinorum$gPars2$w()5674 830 0$aCorpus scriptorum ecclesiasticorum latinorum ;$vVol.30. [bis].$0(OLS)http://semarc/title/405 850 $aSeMil 852 $aSeMil$W1$xVenegono$y1$m2S I 35/A$j234921$B43404$CSeMilBibl$Z2$F78544 $81 961 $aSottoscrizione: VÖAW 996 $6020$a3-7001-2865-7$9(OLS)http://semarc/number/58805 996 $6245$aCarmina ; Indices et addenda$9(OLS)http://semarc/title/125421 996 $6260$aVindobonae :$bVerlag der Österreichischen Akademie der Wissenschaften$9(OLS)http://semarc/publisher/41482 LEADER 01594nam a2200277 i 4500 001 000000124153 003 CaOOAMICUS 005 20240201145638.0 008 160126s1673 it u000 u ita u 026 $asae' e,da nol' Chde (3) 1673 (R) 040 $aSeMil$bita 100 0 $aLeandro,$d.$0(OLS)http://semarc/name/119078 245 10$aCompendio della vita, e morte della venerabile madre Veronica Calcaterra fondatrice del ven. Collegio delle vergini della presentatione di Maria Vergine, sotto il titolo di S. Filippo Neri in Milano ... Composto dal m.r.p. Leandro .. 260 $aIn Milano :$bNella Stampa di Lodovico Monza,$c1673. 300 $a[8], 49, [3] p. ;$c4°. 500 $aRitratto calcogr. della Calcaterra sott. Gio. Batt. Bonacina 500 $aFregi, iniz. xilogr. 500 $aSegn.: *4 A-E4 F6 650 4$aReligiose - Biografie.$0(OLS)http://semarc/subject/2046 700 1 $aBonacina, Giovanni Battista .$0(OLS)http://semarc/name/25904 700 1 $aMonza, Lodovico,$c.$0(OLS)http://semarc/name/19554 850 $aSeMil 852 $aSeMil$W1$xVenegono$y1$m3H IV 57 FA$j78769$B78769$CSeMilBibl$Z2$F81054 $8I 996 $6245$aCompendio della vita, e morte della venerabile madre Veronica Calcaterra fondatrice del ven. Collegio delle vergini della presentatione di Maria Vergine, sotto il titolo di S. Filippo Neri in Milano ... Composto dal m.r.p. Leandro ..$9(OLS)http://semarc/title/182663 996 $6260$aIn Milano :$bNella Stampa di Lodovico Monza$9(OLS)http://semarc/publisher/46317